[Event "San Francisco Powell Memorial G/45"]
[Site "San Francisco"]
[Date "2006.05.06"]
[Round "4"]
[White "Kislik, Erik Andrew"]
[Black "Sowell, Nelson"]
[Result "1-0"]
[WhiteElo "1963"]
[BlackElo "1700"]
[PlyCount "43"]
[EventDate "2006.05.06"]
[EventType "swiss (rapid)"]
[EventRounds "5"]
[EventCountry "USA"]
[SourceTitle "EXT 2007"]
[Source "ChessBase"]
[SourceDate "2006.11.23"]
[SourceVersion "1"]
[SourceVersionDate "2006.11.23"]
[SourceQuality "1"]

1. e4 Nf6 2. e5 Nd5 3. c4 Nb6 4. a4 a5 5. c5 Nd5 6. Nc3 Nb4 7. Bc4 d6 8. cxd6 exd6 9. Nf3 d5 10. Bb3 Nd3+ 11. Kf1 c6 12. Bc2 Nb4 13. d4 b6 14. h3 Be7 15. Bf4 0-0 16. h4 Bg4 17. Bxh7+ Kxh7 18. Ng5+ Bxg5 19. hxg5+ Kg6 20. Qxg4 Rh8 21. Rh6+ Rxh6 22. gxh6+ 1-0

[Event "San Francisco Powell Memorial G/45"]
[Site "San Francisco"]
[Date "2006.05.06"]
[Round "3"]
[White "Sowell, Nelson"]
[Black "Sanguinetti, George A"]
[Result "1-0"]
[WhiteElo "1700"]
[BlackElo "1959"]
[PlyCount "85"]
[EventDate "2006.05.06"]
[EventType "swiss (rapid)"]
[EventRounds "5"]
[EventCountry "USA"]
[SourceTitle "EXT 2007"]
[Source "ChessBase"]
[SourceDate "2006.11.23"]
[SourceVersion "1"]
[SourceVersionDate "2006.11.23"]
[SourceQuality "1"]

1. d4 Nf6 2. c4 e6 3. g3 c5 4. d5 exd5 5. cxd5 d6 6. Nf3 Na6 7. Bg2 Nc7 8. Nc3 g6 9. 0-0 Bg7 10. Bg5 h6 11. Bxf6 Qxf6 12. Qd2 0-0 13. Rab1 b5 14. e4 Re8 15. Rfe1 Bg4 16. Re3 a5 17. h3 Bd7 18. Rbe1 b4 19. Nd1 a4 20. e5 Qd8 21. exd6 Nb5 22. Rxe8+ Bxe8 23. d7 Bxd7 24. Ne5 Nd4 25. Qf4 Bf5 26. g4 g5 27. Qg3 Bc2 28. Ne3 b3 29. axb3 axb3 30. Nc6 Qd7 31. Nxd4 cxd4 32. Nc4 f5 33. Nb6 Re8 34. Nxd7 Rxe1+ 35. Kh2 f4 36. Qf3 d3 37. d6 Kh8 38. Qd5 Bxb2 39. Qa8+ Kg7 40. Qf8+ Kh7 41. Bd5 Bg7 42. Nf6+ Bxf6 43. Qg8# 1-0

[Event "San Francisco Dolan Memorial 5th"]
[Site "San Francisco"]
[Date "2005.10.01"]
[Round "2"]
[White "Vayntrub, Dmitry"]
[Black "Sowell, Nelson"]
[Result "1-0"]
[WhiteElo "2075"]
[BlackElo "1733"]
[PlyCount "99"]
[EventDate "2005.10.01"]
[EventType "swiss"]
[EventRounds "4"]
[EventCountry "USA"]
[SourceTitle "EXT 2007"]
[Source "ChessBase"]
[SourceDate "2006.11.23"]
[SourceVersion "1"]
[SourceVersionDate "2006.11.23"]
[SourceQuality "1"]

1. c4 Nf6 2. g3 b6 3. Bg2 Nc6 4. d4 Bb7 5. Nc3 e6 6. a3 a5 7. Nf3 d5 8. 0-0 Be7 9. cxd5 exd5 10. Bf4 0-0 11. Rc1 Bd6 12. Bg5 Be7 13. Qc2 h6 14. Bxf6 Bxf6 15. Rfd1 Re8 16. e3 Ne7 17. Ne1 c6 18. Nd3 Bc8 19. Nf4 Bf5 20. Qb3 Rb8 21. Nh5 Ng6 22. Na4 b5 23. Nxf6+ Qxf6 24. Nc5 Bg4 25. Rd2 Bf3 26. Nd7 Qf5 27. Nxb8 Rxb8 28. Bxf3 Qxf3 29. Qd1 Qf6 30. Rdc2 Re8 31. Rxc6 Qg5 32. Rc8 Rxc8 33. Rxc8+ Kh7 34. Rc5 h5 35. Qf3 Ne7 36. h4 Qg6 37. Rxb5 Qb1+ 38. Kh2 Qg6 39. Rxa5 Kh6 40. Rc5 Kh7 41. b4 Qd6 42. a4 Qg6 43. b5 f5 44. a5 Qf7 45. b6 Ng8 46. Qxd5 Qe8 47. Qxf5+ g6 48. Rc7+ Kh8 49. Qe5+ Qxe5 50. dxe5 1-0

[Event "San Francisco Stamer Memorial"]
[Site "San Francisco"]
[Date "2005.06.05"]
[Round "4"]
[White "Wang, Drake"]
[Black "Sowell, Nelson"]
[Result "1-0"]
[WhiteElo "2169"]
[BlackElo "1733"]
[PlyCount "91"]
[EventDate "2005.06.04"]
[EventType "swiss"]
[EventRounds "6"]
[EventCountry "USA"]
[SourceTitle "EXT 2007"]
[Source "ChessBase"]
[SourceDate "2006.11.23"]
[SourceVersion "1"]
[SourceVersionDate "2006.11.23"]
[SourceQuality "1"]

1. e4 Nf6 2. e5 Nd5 3. d4 d6 4. c4 Nb6 5. exd6 exd6 6. Nc3 Be7 7. Bd3 0-0 8. Nge2 Nc6 9. Be3 Bg4 10. Qd2 Qd7 11. Ng3 d5 12. h3 Be6 13. c5 Nc4 14. Bxc4 dxc4 15. d5 Rad8 16. dxe6 Qxe6 17. Qe2 Nb4 18. 0-0 Nd3 19. Rfd1 Bf6 20. Nge4 Be5 21. Ng5 Qg6 22. Nf3 Bf6 23. Ne1 Rfe8 24. Nxd3 cxd3 25. Qg4 Qxg4 26. hxg4 c6 27. Rd2 Rd7 28. Rad1 Red8 29. Ne4 Be7 30. Kf1 g6 31. Nd6 Bxd6 32. Rxd3 f6 33. Rxd6 Rxd6 34. Rxd6 Rxd6 35. cxd6 Kf7 36. Bxa7 Ke6 37. Bc5 b6 38. Bxb6 Kxd6 39. a4 c5 40. a5 Kc6 41. Ke2 Kb5 42. Kd3 f5 43. g5 Kb4 44. a6 c4+ 45. Kc2 Kb5 46. a7 1-0